书目信息 |
| 题名: |
灌区建筑物老化病害检测与评估
|
|
| 作者: | 徐云修 , 方坤河 编著 | |
| 分册: | ||
| 出版信息: | 北京 中国水利水电出版社 2004.02 |
|
| 页数: | 435页 | |
| 开本: | 21cm | |
| 丛书名: | 灌区节水改造技术丛书 | |
| 单 册: | ||
| 中图分类: | TV698.1 | |
| 科图分类: | ||
| 主题词: | 渠系建筑物--qu xi jian zhu wu--老化--检测 | |
| 电子资源: | ||
| ISBN: | 7-5084-1756-9 | |
| 000 | 01238nam 2200289 450 | |
| 001 | 012008547719 | |
| 005 | 20080321142141.76 | |
| 010 | @a7-5084-1756-9@dCNY43.00 | |
| 100 | @a20080321d2004 km y0chiy0120 ea | |
| 101 | 1 | @achi@ceng |
| 102 | @aCN@b110000 | |
| 105 | @aa a 000yy | |
| 106 | @ar | |
| 200 | 1 | @a灌区建筑物老化病害检测与评估@AGuan Qu Jian Zhu Wu Lao Hua Bing Hai Jian Ce Yu Ping Gu@d= Diagnosisand Evaluation for Irrigation Structures Aging and Destruction@f徐云修, 方坤河编著@Fxu yun xiu,fang kun he bian zhu@zeng |
| 210 | @a北京@c中国水利水电出版社@d2004.02 | |
| 215 | @a435页@c图@d21cm | |
| 225 | 2 | @a灌区节水改造技术丛书@Aguan qu jie shui gai zao ji shu cong shu |
| 320 | @a有书目(第434-435页)。 | |
| 330 | @a本书共分5章,主要包括灌区建筑物的老化病害现状,混凝土建筑物老化病害的检测、机理分析,老化病害建筑物的安全复核以及评估等内容。 | |
| 410 | 0 | @12001 @a灌区节水改造技术丛书 |
| 510 | 1 | @aDiagnosis and Evaluation for Irrigation Structures Aging and Destruction@zeng |
| 606 | 0 | @a渠系建筑物@Aqu xi jian zhu wu@x老化@x检测 |
| 690 | @aTV698.1@v4 | |
| 701 | 0 | @a徐云修@Axu yun xiu@4编著 |
| 701 | 0 | @a方坤河@Afang kun he@4编著 |
| 801 | 0 | @aCN@bQSSK@c20080321 |
| 905 | @b20289374-76@dTV698.1@eX837@f3 | |
| 灌区建筑物老化病害检测与评估= Diagnosisand Evaluation for Irrigation Structures Aging and Destruction/徐云修, 方坤河编著.-北京:中国水利水电出版社,2004.02 |
| 435页:图;21cm.-(灌区节水改造技术丛书) |
| ISBN 7-5084-1756-9:CNY43.00 |
| 本书共分5章,主要包括灌区建筑物的老化病害现状,混凝土建筑物老化病害的检测、机理分析,老化病害建筑物的安全复核以及评估等内容。 |
| ● |
| 相关链接 |
|
|
|
正题名:灌区建筑物老化病害检测与评估
索取号:TV698.1/X837
 
预约/预借
| 序号 | 登录号 | 条形码 | 馆藏地/架位号 | 状态 | 备注 |
| 1 | 289374 | 202893743 | 自科库501/501自科库 48排4列5层/ [索取号:TV698.1/X837] | 在馆 | |
| 2 | 289375 | 202893752 | 自科库501/501自科库 48排4列5层/ [索取号:TV698.1/X837] | 在馆 | |
| 3 | 289376 | 202893761 | 期刊室512/501自科库 48排4列5层/ [索取号:TV698.1/X837] | 在馆 |